[Event "OPEN B"]
[Site "?"]
[Date "2008.08.27"]
[Round "6.5"]
[White "Brhlik, A."]
[Black "Soltys, R."]
[Result "1-0"]
[WhiteElo "1682"]
[BlackElo "1568"]
[PlyCount "33"]
[EventDate "2008.08.22"]
[SourceDate "2008.08.27"]

1. e4 e6 2. d4 d5 3. Nc3 c5 4. exd5 exd5 5. dxc5 Nf6 6. Bg5 Be6 7. Nf3 Bxc5 8.
Bb5+ Ke7 9. O-O a6 10. Ba4 h6 11. Bxf6+ Kxf6 12. Bb3 Kg6 13. Qd3+ f5 14. Nxd5
Bxd5 15. Bxd5 Qb6 16. Nh4+ Kh7 17. Qxf5+ 1-0

[Event "OPEN B"]
[Site "?"]
[Date "2008.08.27"]
[Round "6.6"]
[White "Kotka, T."]
[Black "Rut, V."]
[Result "0-1"]
[WhiteElo "1400"]
[BlackElo "1649"]
[PlyCount "43"]
[EventDate "2008.08.22"]
[SourceDate "2008.08.27"]

1. e4 e5 2. Nc3 Nc6 3. Bc4 Bc5 4. Nf3 d6 5. Na4 Bb6 6. Nxb6 axb6 7. d4 Qf6 8.
d5 Nce7 9. O-O Bg4 10. Be2 h5 11. Bg5 Qg6 12. Qd2 Qxe4 13. h3 f6 14. Bh4 Bxf3
15. Bxf3 Qxh4 16. Be2 g5 17. c4 g4 18. Kh2 Nf5 19. Qd3 Nge7 20. Kg1 Rg8 21.
hxg4 hxg4 22. g3 0-1

[Event "OPEN B"]
[Site "?"]
[Date "2008.08.27"]
[Round "6.7"]
[White "Skalicky, T."]
[Black "Pospisil, P."]
[Result "1-0"]
[WhiteElo "1449"]
[BlackElo "1717"]
[PlyCount "86"]
[EventDate "2008.08.22"]
[SourceDate "2008.08.27"]

1. e4 c5 2. Nf3 d6 3. d4 cxd4 4. Nxd4 Nf6 5. Nc3 a6 6. Be3 e6 7. Be2 b5 8. a3
Bb7 9. f3 Nbd7 10. O-O Qc7 11. Kh1 Rc8 12. Rc1 Ne5 13. Qe1 Nc4 14. Bxc4 Qxc4
15. Qe2 Be7 16. Qxc4 Rxc4 17. Nb3 Bd8 18. Rcd1 Bc7 19. Rd2 h6 20. Bf4 e5 21.
Be3 O-O 22. g4 g5 23. h3 Kg7 24. Kg2 Bc6 25. Nc1 a5 26. N3e2 Bb7 27. Nd3 Rc6
28. Nc3 Ba6 29. Nd5 Nxd5 30. exd5 Rc4 31. Nf2 b4 32. axb4 Rxb4 33. Rb1 Rfb8 34.
c3 Rc4 35. Rc2 a4 36. Ra1 Bc8 37. Ne4 Bb6 38. Nxd6 Rc7 39. Bxb6 Rxb6 40. Nxc8
Rxc8 41. Rxa4 Rc5 42. c4 Rb3 43. d6 Rcb5 1-0

[Event "Open A"]
[Site "?"]
[Date "2008.08.27"]
[Round "6.8"]
[White "Mejzlik, J."]
[Black "Mates, M."]
[Result "0-1"]
[WhiteElo "1451"]
[BlackElo "1661"]
[PlyCount "70"]
[EventDate "2008.08.22"]
[SourceDate "2008.08.27"]

1. c4 c5 2. Nc3 Nc6 3. g3 g6 4. Bg2 Bg7 5. e4 e6 6. Nge2 Nd4 7. d3 Ne7 8. O-O
O-O 9. Rb1 e5 10. f4 d6 11. Nxd4 cxd4 12. Ne2 Rb8 13. a3 b6 14. b4 Bb7 15. f5
gxf5 16. exf5 f6 17. g4 Bxg2 18. Kxg2 d5 19. cxd5 Nxd5 20. Qb3 Kh8 21. Bd2 Qd7
22. Rbc1 Rbc8 23. Kf3 Qb7 24. Kg3 h6 25. h4 Rxc1 26. Rxc1 Rg8 27. Kh3 Nf4+ 28.
Nxf4 Qf3+ 29. Kh2 exf4 30. Rg1 Qf2+ 31. Rg2 Qxh4+ 32. Kg1 f3 33. Rh2 Qg3+ 34.
Kh1 f2 35. Rg2 Qh4+ 0-1

[Event "Open B"]
[Site "?"]
[Date "2008.??.??"]
[Round "6.9"]
[White "Krejci, M."]
[Black "Fiala, J."]
[Result "1/2-1/2"]
[WhiteElo "1438"]
[BlackElo "1658"]
[PlyCount "69"]
[EventDate "2008.??.??"]

1. e4 e5 2. Nf3 Nc6 3. Bb5 a6 4. Ba4 Nf6 5. O-O b5 6. Bb3 Bc5 7. d3 d6 8. h3 h6
9. Re1 Na5 10. Nc3 c6 11. Ne2 Nxb3 12. axb3 O-O 13. Ng3 Nh7 14. d4 exd4 15.
Nxd4 Qb6 16. Be3 Bxd4 17. Bxd4 c5 18. Be3 Qc6 19. Bf4 Rd8 20. Qd2 Be6 21. Nf5
Bxf5 22. exf5 d5 23. c3 Nf6 24. f3 d4 25. Rad1 Rd7 26. Qc2 Nd5 27. Bc1 Rad8 28.
cxd4 Nb4 29. Qc3 a5 30. Re5 Rd5 31. Rxd5 Rxd5 32. Be3 cxd4 33. Rxd4 Rxf5 34.
Rd8+ Kh7 35. Rc8 1/2-1/2

[Event "Open B"]
[Site "?"]
[Date "2008.??.??"]
[Round "6.10"]
[White "Mala, A."]
[Black "Franc, O."]
[Result "0-1"]
[WhiteElo "1423"]
[BlackElo "1998"]
[PlyCount "33"]
[EventDate "2008.??.??"]

1. e4 e5 2. Nf3 Nc6 3. Bb5 a6 4. Ba4 Nf6 5. O-O b5 6. Bb3 Bc5 7. Re1 d6 8. h3
O-O 9. c3 h6 10. d3 Re8 11. Nbd2 Bb7 12. Bc2 Qd7 13. Nb3 Bb6 14. d4 exd4 15.
cxd4 Nb4 16. d5 Nxc2 17. Qxc2 {dale necitelne} 0-1

[Event "OPEN B"]
[Site "?"]
[Date "2008.08.27"]
[Round "6.11"]
[White "Franek, J."]
[Black "Lorenc, D."]
[Result "1-0"]
[WhiteElo "1250"]
[BlackElo "1568"]
[PlyCount "39"]
[EventDate "2008.08.22"]
[SourceDate "2008.08.27"]

1. e4 c5 2. Nf3 d6 3. d4 cxd4 4. Nxd4 Nf6 5. Nc3 a6 6. a4 Nc6 7. Nxc6 bxc6 8.
Bd3 e6 9. Bg5 Be7 10. O-O h6 11. Bh4 O-O 12. f4 Qb6+ 13. Kh1 Qxb2 14. Qe1 Qb7
15. Rb1 Qc7 16. e5 Nd5 17. Qe4 g6 18. Nxd5 cxd5 19. Qe1 Bxh4 20. Qxh4 1-0

[Event "Open B"]
[Site "?"]
[Date "2008.??.??"]
[Round "6.12"]
[White "Zadnik, S."]
[Black "Hatas, R."]
[Result "0-1"]
[WhiteElo "1106"]
[BlackElo "1564"]
[PlyCount "84"]
[EventDate "2008.??.??"]

1. e4 Nf6 2. e5 Nd5 3. d4 d6 4. Nf3 g6 5. Bc4 Nb6 6. Bb3 Bg7 7. O-O O-O 8. Bf4
Nc6 9. Re1 Bg4 10. c3 dxe5 11. dxe5 e6 12. Qxd8 Raxd8 13. Nbd2 Bf5 14. h3 Nd5
15. Bg5 f6 16. exf6 Bxf6 17. Bh6 Rfe8 18. Nc4 e5 19. Rad1 Kh8 20. Nfxe5 Nxe5
21. Nxe5 Bxe5 22. Rxd5 Bd6 23. Rxe8+ Rxe8 24. Kf1 Be5 25. Bg5 Kg7 26. g4 Be6
27. Rxe5 Bc4+ 28. Bxc4 Rxe5 29. Bd8 c6 30. g5 Rc5 31. b3 b5 32. Bf6+ Kf8 33.
Be6 b4 34. cxb4 Rc1+ 35. Kg2 Rc2 36. a4 Re2 37. Bd7 Rc2 38. Kg3 Kf7 39. f4 h6
40. h4 Rd2 41. Bxc6 Rd3+ 42. Kg4 h5# 0-1

[Event "Open B"]
[Site "?"]
[Date "2008.??.??"]
[Round "6.13"]
[White "Kudrna, J."]
[Black "Starychfojtu"]
[Result "0-1"]
[WhiteElo "1000"]
[BlackElo "1533"]
[PlyCount "50"]
[EventDate "2008.??.??"]

1. d4 c5 2. d5 Nf6 3. c4 e6 4. Nc3 exd5 5. cxd5 d6 6. Bg5 h6 7. Bxf6 Qxf6 8. e4
Nd7 9. Nf3 a6 10. Be2 g6 11. O-O Bg7 12. a3 O-O 13. Bd3 Re8 14. g4 Ne5 15. Nxe5
Rxe5 16. Rb1 h5 17. f4 Re7 18. Be2 Bh6 19. Bd3 Bxg4 20. Qd2 Qd4+ 21. Kh1 Rae8
22. Rbd1 Bxd1 23. Rxd1 c4 24. Ne2 Qxd3 25. Qxd3 cxd3 0-1

[Event "OPEN B"]
[Site "?"]
[Date "2008.08.27"]
[Round "6.14"]
[White "Slihanek, J."]
[Black "Riha, F."]
[Result "1/2-1/2"]
[WhiteElo "1763"]
[BlackElo "1469"]
[PlyCount "30"]
[EventDate "2008.08.22"]
[SourceDate "2008.08.27"]

1. e4 e6 2. d4 c6 3. Nf3 Be7 4. c4 d6 5. Nc3 Nd7 6. Bd3 b6 7. O-O Bb7 8. Bf4
Rc8 9. Re1 Ngf6 10. h3 Nh5 11. Bh2 a6 12. Nd2 g6 13. f4 b5 14. g4 Ng7 15. Nb3
Qb6 1/2-1/2

[Event "OPEN B"]
[Site "?"]
[Date "2008.08.27"]
[Round "6.15"]
[White "Hatasova, M."]
[Black "Soltysova, A."]
[Result "1-0"]
[WhiteElo "1347"]
[BlackElo "1543"]
[PlyCount "99"]
[EventDate "2008.08.23"]
[SourceDate "2008.08.27"]

1. e4 c6 2. d4 d5 3. exd5 cxd5 4. Nc3 Nf6 5. Bf4 a6 6. Nf3 Bg4 7. h3 Bh5 8. g4
Bg6 9. Bd3 e6 10. Ne5 Nc6 11. Nxc6 bxc6 12. Qe2 Qb6 13. O-O-O a5 14. Bxg6 hxg6
15. Bg3 a4 16. a3 Qa5 17. Na2 Ne4 18. Qe3 Be7 19. h4 Kd7 20. Rh2 Nxg3 21. Qxg3
Rab8 22. h5 g5 23. Qc3 Qb5 24. Rhh1 Rb6 25. f3 Rhb8 26. Kd2 Qxb2 27. Qxb2 Rxb2
28. Nc3 Bxa3 29. Nxa4 Bb4+ 30. Kd3 Ra2 31. Ra1 Rxa1 32. Rxa1 Ke7 33. c3 Bd6 34.
Rh1 Rh8 35. Nc5 Bxc5 36. dxc5 f5 37. Ra1 Kf6 38. Ra6 Rc8 39. Ra7 fxg4 40. fxg4
e5 41. Ke3 Rf8 42. Rc7 Rd8 43. Rxc6+ Kf7 44. Rg6 Rc8 45. c6 Rc7 46. Kd3 Rc8 47.
c4 dxc4+ 48. Kxc4 Re8 49. Kd3 Re7 50. Ke4 1-0

[Event "OPEN B"]
[Site "?"]
[Date "2008.08.27"]
[Round "6.16"]
[White "Rut, V."]
[Black "Brezinova, J."]
[Result "0-1"]
[WhiteElo "1250"]
[BlackElo "1496"]
[PlyCount "70"]
[EventDate "2008.08.23"]
[SourceDate "2008.08.27"]

1. e4 e5 2. Nf3 Nc6 3. Bc4 Bc5 4. c3 Nf6 5. d3 d6 6. b4 Bb6 7. Bg5 Be6 8. Bd5
Bxd5 9. exd5 Ne7 10. Bxf6 gxf6 11. c4 a5 12. b5 Rg8 13. O-O Qd7 14. Re1 Qh3 15.
g3 Nf5 16. d4 Nxd4 17. Nxd4 Kd7 18. Nf3 f5 19. Qe2 f6 20. Qf1 Qh5 21. Qe2 Qh3
22. Qf1 Qg4 23. Nbd2 e4 24. Nh4 Qxh4 25. Kh1 Qh6 26. Nb3 Rg5 27. Nc1 Bd4 28.
Rb1 b6 29. Ne2 Be5 30. Rb3 Rh5 31. Qg2 Rg8 32. Kg1 f4 33. f3 e3 34. a4 Rhg5 35.
g4 f5 0-1

[Event "OPEN B"]
[Site "?"]
[Date "2008.08.27"]
[Round "6.17"]
[White "Studzinski, B."]
[Black "Hatas, O."]
[Result "0-1"]
[WhiteElo "1000"]
[BlackElo "1437"]
[PlyCount "48"]
[EventDate "2008.08.23"]
[SourceDate "2008.08.27"]

1. c4 c5 2. Nf3 Nc6 3. d4 e6 4. d5 exd5 5. cxd5 Nb4 6. e4 d6 7. Bb5+ Bd7 8.
Bxd7+ Qxd7 9. O-O f5 10. Nc3 Nf6 11. a3 fxe4 12. axb4 exf3 13. Qxf3 cxb4 14.
Nd1 Be7 15. Qb3 a5 16. Ne3 O-O 17. Nc4 Qb5 18. Rd1 Kh8 19. Qd3 Ng4 20. Be3 Nxe3
21. fxe3 a4 22. e4 Qc5+ 23. Qe3 Qxc4 24. Rac1 Qb5 0-1

[Event "OPEN B"]
[Site "?"]
[Date "2008.08.27"]
[Round "6.19"]
[White "Silhavy, J."]
[Black "Rathousky, J."]
[Result "1-0"]
[WhiteElo "1633"]
[BlackElo "1250"]
[PlyCount "51"]
[EventDate "2008.08.22"]
[SourceDate "2008.08.27"]

1. e4 e5 2. Nf3 Nc6 3. Bb5 a6 4. Ba4 Nf6 5. O-O Be7 6. Re1 b5 7. Bb3 O-O 8. c3
d5 9. exd5 Nxd5 10. Nxe5 Be6 11. Nxc6 Qd7 12. Bxd5 Rae8 13. Nxe7+ Rxe7 14. Bxe6
fxe6 15. d4 c6 16. Be3 Ref7 17. Nd2 Rf6 18. Ne4 Rg6 19. Nc5 Qd5 20. g3 a5 21.
Nd3 Qf5 22. Nf4 Rff6 23. Qd3 Qg4 24. Qe4 h5 25. h3 Qg5 26. Nxe6 1-0

[Event "Open A"]
[Site "?"]
[Date "2008.??.??"]
[Round "6.20"]
[White "Krizek, F."]
[Black "Skvaril, M."]
[Result "1-0"]
[WhiteElo "1432"]
[BlackElo "1250"]
[PlyCount "51"]
[EventDate "2008.??.??"]

1. d4 d5 2. Bg5 g6 3. c3 Bg7 4. Nf3 Nf6 5. Nbd2 e6 6. e4 Qd7 7. Ke2 b6 8. exd5
Nxd5 9. Qb3 O-O 10. Kd1 Bb7 11. Bb5 Bc6 12. a4 Bxb5 13. axb5 c6 14. bxc6 Nxc6
15. g3 Rae8 16. Qb5 Ne5 17. Qxd7 Nxd7 18. Ne4 N7f6 19. Nd6 Rd8 20. Nb5 Rd7 21.
Ne5 Rb7 22. Re1 Ne8 23. Nc6 h6 24. Bd2 a6 25. c4 Ndc7 26. Bb4 1-0

[Event "Open B"]
[Site "?"]
[Date "2008.??.??"]
[Round "6.23"]
[White "Fojtu, J."]
[Black "Janouchova, M."]
[Result "0-1"]
[WhiteElo "1250"]
[BlackElo "1543"]
[PlyCount "52"]
[EventDate "2008.??.??"]

1. e4 Nf6 2. Nc3 d5 3. exd5 Nxd5 4. Nf3 Nxc3 5. bxc3 g6 6. Be2 Bg7 7. Rb1 O-O
8. c4 e5 9. d3 Nc6 10. O-O b6 11. Bb2 f5 12. Nd2 Bb7 13. a3 Qe7 14. Bf3 Rad8
15. Bd5+ Kh8 16. Qc1 Na5 17. Bxb7 Nxb7 18. Re1 Rfe8 19. f3 Qd6 20. Kh1 Nc5 21.
Rd1 Bh6 22. Re1 Kg8 23. Bxe5 Rxe5 24. Rf1 Re2 25. Qd1 Rxd2 26. Qc1 Re8 0-1

[Event "OPEN B"]
[Site "?"]
[Date "2008.08.27"]
[Round "6.24"]
[White "Filip, V."]
[Black "Sochurek, P."]
[Result "0-1"]
[WhiteElo "1100"]
[BlackElo "1451"]
[PlyCount "134"]
[EventDate "2008.08.23"]
[SourceDate "2008.08.27"]

1. e4 c5 2. d4 cxd4 3. Qxd4 Nc6 4. Qc4 e6 5. Nf3 h6 6. Be2 b6 7. O-O Bb7 8. Be3
Nf6 9. Nbd2 Rc8 10. Bd3 Nb4 11. Qb3 Nxd3 12. cxd3 Be7 13. Qd1 O-O 14. e5 Nd5
15. d4 Nxe3 16. fxe3 d6 17. exd6 Bxd6 18. a3 Qe7 19. Rc1 Rxc1 20. Qxc1 Rc8 21.
Qb1 Qc7 22. g3 g5 23. Ne4 Be7 24. Ne5 f5 25. Nd2 Qc2 26. Nec4 Qxb1 27. Rxb1 Bd5
28. b3 b5 29. Ne5 Rc2 30. Ndf3 g4 31. Nh4 Bxh4 32. gxh4 Rg2+ 33. Kf1 Rxh2 34.
Re1 Rxh4 35. Ng6 Rh1+ 36. Ke2 Rxe1+ 37. Kxe1 Kf7 38. Ne5+ Kf6 39. Kf2 Bxb3 40.
Kg3 Kg5 41. Nf7+ Kh5 42. Nd6 a6 43. e4 Bc2 44. exf5 exf5 45. Nf7 Bb3 46. Ne5
Kg5 47. Nd3 a5 48. Nf4 b4 49. axb4 axb4 50. Nd3 h5 51. Nxb4 f4+ 52. Kg2 h4 53.
d5 Kf6 54. d6 Ke6 55. d7 Kxd7 56. Nd3 Bd5+ 57. Kg1 Be4 58. Nxf4 Kd6 59. Kh2 Ke5
60. Nh3 Bf5 61. Ng1 Ke4 62. Kg2 Ke3 63. Kh2 Kf2 64. Kh1 g3 65. Nh3+ Kf1 66. Nf4
Be4+ 67. Ng2 Bxg2# 0-1

[Event "OPEN B"]
[Site "?"]
[Date "2008.08.27"]
[Round "6.25"]
[White "Pucholt, M."]
[Black "Pycha, P."]
[Result "0-1"]
[WhiteElo "1000"]
[BlackElo "1312"]
[PlyCount "58"]
[EventDate "2008.08.23"]
[SourceDate "2008.08.27"]

1. d4 d5 2. e3 Nf6 3. c4 e6 4. a3 Nbd7 5. b4 b6 6. c5 c6 7. Qc2 b5 8. a4 bxa4
9. Qxa4 Qc7 10. b5 Bb7 11. Nc3 Be7 12. Nf3 O-O 13. Bd3 Rfc8 14. Qc2 e5 15. Ng5
e4 16. Be2 h6 17. Nh3 Nf8 18. f3 exf3 19. gxf3 Ng6 20. Bd3 Nf8 21. Rg1 N6h7 22.
Qg2 Ne6 23. Bf5 Bf6 24. Kd2 Qe7 25. Ra4 Re8 26. e4 Nxd4 27. Kd3 Nxf5 28. exf5
Qxc5 29. Ba3 Qxc3# 0-1

[Event "OPEN B"]
[Site "?"]
[Date "2008.08.27"]
[Round "6.26"]
[White "Kocir, V."]
[Black "Pychova, N."]
[Result "0-1"]
[WhiteElo "1273"]
[BlackElo "1250"]
[PlyCount "118"]
[EventDate "2008.08.23"]
[SourceDate "2008.08.27"]

1. e4 e5 2. Nf3 Nf6 3. Nc3 Nc6 4. Bc4 Bc5 5. O-O d6 6. h3 O-O 7. d3 h6 8. Be3
Bb4 9. Nd5 Nxd5 10. Bxd5 Bd7 11. c3 Ba5 12. d4 exd4 13. cxd4 Bb6 14. Re1 Rb8
15. b3 Ne7 16. Bc4 Ng6 17. e5 dxe5 18. dxe5 Ba5 19. Bxa7 Ra8 20. Bc5 Bxe1 21.
Bxf8 Bc3 22. Rc1 Bxe5 23. Qd5 Qxf8 24. Nxe5 Nxe5 25. Qxe5 Rc8 26. Rd1 Qe8 27.
Qd5 Bc6 28. Qf5 Ra8 29. Bxf7+ Qxf7 30. Qc2 Re8 31. f3 Qe7 32. Rd2 Qg5 33. Kf2
h5 34. a4 h4 35. Rd1 Qg3+ 36. Kf1 Rf8 37. Rd3 Kh8 38. Qc5 Re8 39. Qh5+ Kg8 40.
Qa5 Qe5 41. Qd2 Qf6 42. Qb4 Be4 43. Re3 Re6 44. Rxe4 Rb6 45. Re8+ Kh7 46. Qc4
Qa1+ 47. Re1 Qb2 48. Qxh4+ Kg8 49. Re8+ Kf7 50. Qe7+ Kg6 51. Qe4+ Kf7 52. Re7+
Kf6 53. Qf4+ Kxe7 54. Qxc7+ Kf6 55. Qxb6+ Kg5 56. Qxb7 Qa1+ 57. Kf2 Qb2+ 58.
Kg3 Qe5+ 59. f4+ Qxf4# 0-1

[Event "Open B"]
[Site "?"]
[Date "2008.??.??"]
[Round "6.27"]
[White "Sadil, J."]
[Black "Muellerova, K."]
[Result "0-1"]
[WhiteElo "1000"]
[BlackElo "1250"]
[PlyCount "30"]
[EventDate "2008.??.??"]

1. e4 e5 2. Nf3 Nc6 3. Bb5 d6 4. Bxc6+ bxc6 5. O-O Bg4 6. d3 h6 7. Be3 Nf6 8.
Nc3 Be7 9. d4 exd4 10. Bxd4 c5 11. Bxf6 Bxf6 12. Qd3 O-O 13. Rfd1 c4 14. Qe3
Re8 15. Rd2 c6 0-1

[Event "OPEN B"]
[Site "?"]
[Date "2008.08.27"]
[Round "6.28"]
[White "Studnicka, P."]
[Black "Soltysova, P."]
[Result "0-1"]
[WhiteElo "1250"]
[BlackElo "1250"]
[PlyCount "64"]
[EventDate "2008.08.23"]
[SourceDate "2008.08.27"]

1. e4 e5 2. Nc3 Nf6 3. f4 d6 4. h3 Be7 5. Nf3 Nc6 6. Bb5 exf4 7. d4 Bd7 8. Bxf4
O-O 9. O-O a6 10. Bd3 b5 11. e5 dxe5 12. Nxe5 Nxd4 13. Nxd7 Qxd7 14. Be5 Nc6
15. Bxf6 Bxf6 16. Be4 Bd4+ 17. Kh1 Rad8 18. Bf5 Qd6 19. Ne4 Qd5 20. Ng5 g6 21.
c3 Bb6 22. Qxd5 Rxd5 23. Be4 Rc5 24. Rad1 Rxg5 25. Bxc6 Be3 26. Rd7 Bb6 27. Bd5
Rf5 28. Rxf5 gxf5 29. a3 Kg7 30. Bf3 Kg6 31. Kh2 Bc5 32. Rxc7 Bd6+ 0-1

[Event "OPEN B"]
[Site "?"]
[Date "2008.08.27"]
[Round "6.28"]
[White "Filip, L."]
[Black "Jirousek, F."]
[Result "1-0"]
[WhiteElo "1250"]
[BlackElo "1250"]
[PlyCount "51"]
[EventDate "2008.08.23"]
[SourceDate "2008.08.27"]

1. e4 e5 2. Nc3 Nf6 3. f4 d5 4. fxe5 Nxe4 5. Nf3 Nxc3 6. bxc3 Be6 7. d4 Be7 8.
Bd3 O-O 9. O-O Nd7 10. Qe1 b6 11. Qg3 g6 12. Bh6 Re8 13. Ng5 Bf8 14. Nxe6 fxe6
15. Bxg6 Kh8 16. Rf7 Bxh6 17. Rxh7+ Kg8 18. Bd3+ Qg5 19. Qh3 Bg7 20. c4 Qf4 21.
Rh4 Qf7 22. Bh7+ Kf8 23. Rf1 Bf6 24. Rhf4 Qg7 25. Rxf6+ Ke7 26. Qxe6+ 1-0

[Event "Open A"]
[Site "?"]
[Date "2008.08.28"]
[Round "7.1"]
[White "Pokorny, M."]
[Black "Vokac, M."]
[Result "0-1"]
[WhiteElo "2172"]
[BlackElo "2451"]
[PlyCount "84"]
[EventDate "2008.08.22"]
[SourceDate "2008.08.28"]

1. e4 c5 2. Nf3 d6 3. d4 cxd4 4. Nxd4 Nf6 5. Nc3 a6 6. Be2 e5 7. Nb3 Be7 8. O-O
O-O 9. Be3 Be6 10. Qd2 Nbd7 11. a4 Nb6 12. f3 Rc8 13. a5 Nc4 14. Bxc4 Rxc4 15.
Rfd1 h6 16. Bb6 Qc8 17. Qe2 Re8 18. Rd2 Rb4 19. Ra4 Rxa4 20. Nxa4 d5 21. Nbc5
dxe4 22. Nxe4 Nxe4 23. fxe4 Bd7 24. Nc3 Bb4 25. Qd3 Bxc3 26. bxc3 Bc6 27. Qf3
Qe6 28. h3 Qc4 29. Re2 Qa2 30. Rd2 Qc4 31. Re2 Re6 32. Qd3 Qa4 33. c4 Qa1+ 34.
Kh2 Rf6 35. Bc7 Rf1 36. c3 f6 37. Qd2 Rd1 38. Qe3 Rh1+ 39. Kg3 Rc1 40. Rd2 Rxc3
41. Rd3 Rxd3 42. Qxd3 Qc1 0-1

[Event "OPEN A"]
[Site "?"]
[Date "????.??.??"]
[Round "7.2"]
[White "Vojta, T."]
[Black "Stastny, J."]
[Result "1-0"]
[WhiteElo "2335"]
[BlackElo "2217"]
[PlyCount "55"]
[EventDate "2008.08.22"]
[SourceDate "2008.08.28"]

1. e4 c5 2. Nc3 Nc6 3. f4 e6 4. Nf3 Nge7 5. d4 cxd4 6. Nxd4 a6 7. Be3 Nxd4 8.
Qxd4 b5 9. Be2 Nc6 10. Qd2 d6 11. O-O Be7 12. Bf3 Bb7 13. Qf2 O-O 14. Rad1 Rc8
15. Ra1 Qc7 16. g4 Bf6 17. Bb6 Qb8 18. Nb1 Bd8 19. Be3 Ne7 20. c3 Qa8 21. Nd2
d5 22. e5 f6 23. exf6 Rxf6 24. Bd4 Rxf4 25. Qe3 Rf7 26. Bg2 e5 27. Rxf7 exd4
28. Raf1 1-0

[Event "OPEN A"]
[Site "?"]
[Date "2008.08.28"]
[Round "7.3"]
[White "Fojtu, J."]
[Black "Studnicka, T."]
[Result "1-0"]
[WhiteElo "2105"]
[BlackElo "2300"]
[PlyCount "105"]
[EventDate "2008.08.23"]
[SourceDate "2008.08.28"]

1. e4 e5 2. Nf3 Nf6 3. d4 Nxe4 4. Bd3 d5 5. Nxe5 Nd7 6. Nxd7 Bxd7 7. O-O Qh4 8.
c4 O-O-O 9. c5 f5 10. Nc3 Nf6 11. Ne2 Ng4 12. h3 Nh6 13. f4 Qf6 14. b4 Nf7 15.
Qc2 Re8 16. Rb1 Kb8 17. Rb2 Rg8 18. Kh2 Qe6 19. b5 Bc8 20. Qa4 b6 21. Qc2 Be7
22. a4 Ref8 23. a5 Qd7 24. Ra2 Nd8 25. c6 Qd6 26. Ba3 Qf6 27. axb6 Bxa3 28.
Rxa3 cxb6 29. c7+ Ka8 30. Rfa1 a5 31. cxd8=Q Qxd8 32. Rc3 Rf7 33. Rc1 Kb8 34.
Qb1 Bd7 35. Qb3 Be6 36. Rc6 Re8 37. Nc3 g6 38. Na4 Rb7 39. Qa3 Bd7 40. Qd6+ Ka7
41. Nxb6 Bxc6 42. Nc8+ Ka8 43. Qxc6 Re3 44. Nd6 Qd7 45. Qa6+ Kb8 46. Nxb7 Qxb7
47. Qd6+ Ka8 48. Qd8+ Ka7 49. Rc7 Rxd3 50. Rxb7+ Kxb7 51. Qxd5+ Kb8 52. b6 a4
53. Qc6 1-0

[Event "Open A"]
[Site "?"]
[Date "2008.??.??"]
[Round "7.5"]
[White "Vanka, M."]
[Black "Cerny, M."]
[Result "1-0"]
[WhiteElo "2184"]
[BlackElo "2203"]
[PlyCount "111"]
[EventDate "2008.??.??"]

1. d4 Nf6 2. Bg5 c5 3. Bxf6 gxf6 4. dxc5 Qa5+ 5. Nd2 Qxc5 6. e3 Nc6 7. Ngf3 Qb4
8. Qc1 d6 9. c3 Qg4 10. Qc2 Bd7 11. h3 Qh5 12. Be2 Bh6 13. Nb3 Rc8 14. Nfd4 Qe5
15. Bf3 f5 16. O-O f4 17. Nxc6 bxc6 18. e4 Rg8 19. Kh2 Bg7 20. Nd4 Qg5 21. Qa4
Bf6 22. Ne2 Rg6 23. Rad1 Rh6 24. Ng1 Qc5 25. Rd2 Rb8 26. Rfd1 Rb5 27. Qc2 Be6
28. Be2 Rb8 29. Bf3 Bxa2 30. b4 Qb6 31. Qxa2 Bxc3 32. Rc2 Bxb4 33. Qa4 Bc5 34.
Qa2 e5 35. Bg4 Rg6 36. Nf3 Qb3 37. Qxb3 Rxb3 38. Rdd2 Rb4 39. Rb2 a5 40. Rxb4
Bxb4 41. Rc2 c5 42. Nd2 Kd8 43. Nc4 Kc7 44. Bf5 Rg8 45. Bxh7 Ra8 46. Bf5 a4 47.
Ra2 a3 48. Bg4 Kc6 49. Be2 f6 50. h4 Ra7 51. Bf3 Be1 52. Rxa3 Rh7 53. h5 Bxf2
54. Be2 Kb5 55. Rb3+ Ka4 56. Rb1 1-0

[Event "OPEN A"]
[Site "?"]
[Date "????.??.??"]
[Round "7.6"]
[White "Vojta, P."]
[Black "Taborsky, R."]
[Result "1-0"]
[WhiteElo "2137"]
[BlackElo "2282"]
[PlyCount "77"]
[EventDate "2008.08.22"]
[SourceDate "2008.08.28"]

1. d4 e6 2. c4 f5 3. Nc3 Nf6 4. Bg5 Bb4 5. Qc2 h6 6. Bd2 O-O 7. e3 c6 8. Bd3 d5
9. f4 Bd7 10. Nf3 Bd6 11. Be2 Ne4 12. Nxe4 fxe4 13. Ne5 Qh4+ 14. g3 Qd8 15.
Nxd7 Nxd7 16. h4 Qe7 17. Qb3 Nf6 18. c5 Bb8 19. g4 Rc8 20. g5 Nh7 21. Qd1 hxg5
22. hxg5 Nxg5 23. fxg5 Bg3+ 24. Kf1 Rf8+ 25. Kg2 Rf2+ 26. Kxg3 Raf8 27. Rh4
Qxg5+ 28. Rg4 Qh6 29. Qh1 Qxh1 30. Rxh1 Rxe2 31. Bc1 Rf3+ 32. Kh4 b6 33. Rg3
bxc5 34. dxc5 Rc2 35. Rxf3 exf3 36. Kg3 f2 37. Rf1 Rxc5 38. Bd2 Rc2 39. Bc3 1-0

[Event "OPEN A"]
[Site "?"]
[Date "2008.08.28"]
[Round "7.7"]
[White "Beil, M."]
[Black "Ruzicka, Z."]
[Result "1-0"]
[WhiteElo "2208"]
[BlackElo "2107"]
[PlyCount "64"]
[EventDate "2008.08.23"]
[SourceDate "2008.08.28"]

1. d4 d5 2. c4 c6 3. Nf3 Nf6 4. Nc3 a6 5. c5 Nbd7 6. Bf4 g6 7. e3 Bg7 8. Bd3
O-O 9. O-O Kh8 10. Re1 Ng8 11. Bg3 Nh6 12. e4 dxe4 13. Bxe4 Nf6 14. Be5 Bf5 15.
Qd2 Nxe4 16. Bxg7+ Kxg7 17. Nxe4 Qc7 18. Ng3 f6 19. Nh4 e6 20. Nhxf5+ exf5 21.
Ne2 Rad8 22. Nf4 Rfe8 23. Ne6+ Rxe6 24. Rxe6 Rd7 25. Rae1 f4 26. d5 cxd5 27.
Qd4 Ng8 28. Rd1 g5 29. Rd6 Rxd6 30. cxd6 Qxd6 31. Qxd5 Qb6 32. Qd7+ Kh6 1-0

[Event "Open A"]
[Site "?"]
[Date "2008.08.28"]
[Round "7.8"]
[White "Vevera, R."]
[Black "Siktanc, P."]
[Result "1-0"]
[WhiteElo "2090"]
[BlackElo "2177"]
[PlyCount "41"]
[EventDate "2008.08.22"]
[SourceDate "2008.08.28"]

1. e4 e6 2. d4 d5 3. Nc3 Nc6 4. Nf3 Nf6 5. Bg5 Be7 6. e5 Ne4 7. Bxe7 Qxe7 8.
Bd3 Qb4 9. O-O Nxc3 10. bxc3 Qxc3 11. Rb1 b6 12. Rb3 Qa5 13. c4 Nb4 14. cxd5
Nxd3 15. dxe6 Bxe6 16. Rxd3 O-O-O 17. Qc1 Kb8 18. Rc3 Rd7 19. Qe3 h6 20. a3
Rhd8 21. Rfc1 {dale necitelne!} 1-0

[Event "Open A"]
[Site "?"]
[Date "2008.??.??"]
[Round "7.9"]
[White "Straka, V."]
[Black "Hosticka, F."]
[Result "0-1"]
[WhiteElo "2010"]
[BlackElo "2174"]
[PlyCount "126"]
[EventDate "2008.??.??"]

1. d4 Nf6 2. c4 e6 3. Nf3 Bb4+ 4. Bd2 Qe7 5. g3 O-O 6. Bg2 Bxd2+ 7. Nbxd2 d6 8.
O-O e5 9. e3 h6 10. d5 a5 11. Qc2 Nbd7 12. b3 Nc5 13. a3 b6 14. b4 Nb7 15. Nb3
Bg4 16. h3 Bd7 17. Kh2 Ra7 18. Rfc1 Qe8 19. Nbd2 Qa8 20. Qb2 Bf5 21. Nh4 Bh7
22. f4 exf4 23. exf4 Re8 24. Qd4 Re2 25. Re1 Qe8 26. Rxe2 Qxe2 27. Nhf3 Qd3 28.
Qxd3 Bxd3 29. Re1 axb4 30. axb4 Kf8 31. Re3 Bc2 32. Nd4 Ra2 33. g4 Ba4 34. N2f3
Rb2 35. b5 Nc5 36. g5 Nh5 37. Nh4 Nxf4 38. gxh6 gxh6 39. Rf3 Ncd3 40. Kg3 Nxg2
41. Rxd3 Nxh4 42. Kxh4 Rb4 43. Rc3 Bd1 44. Rd3 Rb1 45. Rd2 Rc1 46. Kg3 Ba4 47.
Nf5 Rc3+ 48. Kh2 Rxc4 49. Nxh6 Rc2 50. Rxc2 Bxc2 51. Ng4 Bd3 52. Kg3 Bxb5 53.
Kf4 Kg7 54. Ne3 Bd3 55. Ng4 Kg6 56. Ke3 Bf5 57. Nf2 Kg5 58. Kd4 Kf4 59. Kc4 Kf3
60. Nd1 Bd7 61. Nc3 f5 62. Nb5 Bxb5+ 63. Kxb5 f4 0-1